000 00685nas a22002411i#4500
001 1992
003 ES-MaACL
005 20250724062556.0
007 t|
008 950801c1878 sp | | 1 ||pa d
080 _a908
245 0 0 _aRevista de las provincias euskaras /
_cdir. Fermín Herrán.
260 _aVitoria :
_b[s.n.],
_c1878 (
_fImp. Viuda de Egaña e hijo)
300 _a1 v. (384 p.) ;
_c24 cm.
310 _aQuincenal
362 0 _a1878-
650 7 _aCultura
_2embne
_9170963
650 1 4 _aMonografías regionales.
_915170
700 0 _aHerrán, Fermín.
_963148
852 _aES-MaACL
_jG-5271
866 0 _oT. II 1879 (1er semestre).
999 _c1992
_d1992